LEADER 01345nam a2200289 a 4500 001 000000131716 003 CaOOAMICUS 005 20121128105341.0 008 121128s1979 it u000 u ita r 040 $aPUL$bita 245 03$aLa fondazione della Repubblica :$bdalla Costituzione provvisoria alla Assemblea Costituente /$ca cura di Enzo Cheli. 260 $aBologna :$bIl Mulino,$c©1979. 300 $a513 p. ;$c22 cm 490 1 $aTemi e discussioni 490 1 $aSistema delle autonomie: rapporti tra Stato e società civile. Studi ;$v01 504 $aInclude riferimenti bibliografici e indice. 650 4$aRepubblica$xStoria$zItalia.$0(OLS)http://pul/subject/39062 700 1 $aCheli, Enzo.$0(OLS)http://pul/name/47860 830 0$aTemi e discussioni.$0(OLS)http://pul/title/7945 830 0$aSistema delle autonomie: rapporti tra Stato e società civile.$pStudi ;$v01.$0(OLS)http://pul/title/166429 850 $aPUL 852 $aPUL$W1$xDP1 Fondo E. Rossi$y115$m1 C 100$j151866$qFondi$B150952$CPULBib$Z2$F150952 $82 941 1 $a1 961 $aSul dorso collocazione ms. di E. Rossi: C 70 996 $6245$aLa fondazione della Repubblica :$bdalla Costituzione provvisoria alla Assemblea Costituente$9(OLS)http://pul/title/166421 996 $6260$aBologna :$bIl Mulino$9(OLS)http://pul/publisher/47928 LEADER 01054nam a2200277 u 4500 001 000000067223 003 CaOOAMICUS 005 20070226121649.0 008 020206s1969 fr u000 u fre u 035 $a10919487 040 $aPUL(R)$bita 100 1 $aMousnier, Roland.$0(OLS)http://pul/name/44926 245 14$aLes hiérarchies sociales de 1450 a nos jours /$cpar Roland Mousnier. 260 $aParis :$bUniv. de France,$c1969. 300 $a193 p. ;$c21 cm 490 1 $aHistorien ;$v1 500 $aContiene indici. 504 $aContiene bibliografia. 650 4$aClassi sociali.$0(OLS)http://pul/subject/19126 830 0$aHistorien ;$v1.$0(OLS)http://pul/title/75708 850 $aPUL 852 $aPUL$W1$xSL Filosofia 1$y2$m107 E 40$j86980$nBK-PRI$b $qStampati$B86980$CPULBib$Z2$F86980 $H $81 941 1 $a8 961 $aINV: 39219 996 $6245$aLes hiérarchies sociales de 1450 a nos jours$9(OLS)http://pul/title/89160 996 $6260$aParis :$bUniv. de France$9(OLS)http://pul/publisher/71623